Cerdanyola educa : curs 2002-2003 : presentació, introducció, activitats curs 2002-2003 :
Publicado:
[Cerdanyola del Vallès] :
Ajuntament de Cerdanyola del Vallès. Servei d'Educació : Dinàmica Educativa, [2002]
Descripción Física:
347 p. ; 30 cm
MARC
| LEADER | 00000nam a2200000Ia 4500 | ||
|---|---|---|---|
| 001 | 24291 | ||
| 008 | 160829s9999 xx 000 0 cat d | ||
| 080 | |a Bib-217 | ||
| 245 | |a Cerdanyola educa : |b curs 2002-2003 : |b presentació, introducció, activitats | ||
| 260 | |a [Cerdanyola del Vallès] : |b Ajuntament de Cerdanyola del Vallès. Servei d'Educació : |b Dinàmica Educativa, [2002] | ||
| 300 | |a 347 p. ; |c 30 cm | ||
| 590 | |a Amb el suport de: Diputació de Barcelona. Àrea d'Educació | ||
| 650 | |a Educació |x Cerdanyola del Vallès |9 49497 | ||
| 650 | |a Cerdanyola del Vallès |x Política educativa |9 49498 | ||
| 700 | |a Cerdanyola del Vallès. Ajuntament. Servei d'Educació. Dinàmica Educativa |9 49499 | ||
| 710 | |a Barcelona (Catalunya : Província). |b Àrea d'Educació |9 8009 | ||
| 901 | |a Arxiu | ||
| 942 | |n 1 | ||
| 952 | |0 0 |1 0 |4 0 |6 BIB217 |7 1 |9 55409 |a Arxiu |b Arxiu |d 2016-12-01 |l 0 |o Bib-217 |p 24291 |r 2016-12-01 00:00:00 |w 2016-12-01 |y ARXIU | ||
| 999 | |c 59282 |d 59282 | ||